000 00503nam a22001577a 4500
003 NUST
082 _a200
100 _aKhan, Engr Kamran
_996783
245 _aOptimal Charging Provision to Electric Transport by Smart Home /
_cEngr Kamran Khan
264 _aIslamabad :
_bSEECS, NUST,
_c2022.
300 _a80 p. ;
650 _aMS-Electrical Engineering
_923567
700 _aSupervisor: Dr. Sohail Iqbal
_996779
856 _uhttp://10.250.8.41:8080/xmlui/handle/123456789/29024
942 _2ddc
_cSC
999 _c590868
_d590868